000 00845nam a2200253 a 4500
999 _c12607
_d12607
001 12607
003 BD-JhCC
005 20221016075149.0
008 221015s20102020bg |||| |||| 000 0 ban d
020 _a9847012001028
035 _a(BD-JhCC)12607
040 _aBD-JhCC
_dBD-JhCC
041 _abeg
082 _a923
_bPAR 2020
100 _aপারভেজ, খসরু
245 _aমাইকেল মদুসূদন দত্ত /
_cখসরু পারভেজ
260 _aঢাকা :
_bকথাপ্রকাশ,
_c২০২০
300 _a৭২ পৃ. :
_c২১ সেমি.
490 _aজীবনী গ্রন্থমালা
504 _aগ্রন্থপঞ্জি অন্তর্ভূক্ত।
600 _aDatta, Michael Modhusudon
650 _aBiography
942 _2ddc
_cBK